[Event "Figueres Nadal op 9th"]
[Site "Figueres"]
[Date "2020.01.04"]
[Round "5"]
[White "Roura Cortada, Pep"]
[Black "Sabater Antico, Luis"]
[Result "1-0"]
[WhiteElo "1252"]
[BlackElo "1517"]
[PlyCount "67"]
[EventDate "2020.01.02"]
[EventType "swiss"]
[EventRounds "8"]
[EventCountry "ESP"]
[SourceTitle "CBM 194 Extra"]
[Source "ChessBase"]
[SourceDate "2020.03.31"]
[SourceVersion "1"]
[SourceVersionDate "2020.03.31"]
[SourceQuality "1"]

1. e4 g6 2. d4 Bg7 3. Nc3 d6 4. Nf3 e6 5. Bc4 b6 6. d5 Bxc3+ 7. bxc3 e5 8. Bb5+ Bd7 9. Bxd7+ Qxd7 10. 0-0 f5 11. Ng5 Na6 12. Ne6 Nc5 13. exf5 Nxe6 14. fxe6 Qe7 15. Qf3 h6 16. Rb1 0-0-0 17. Rb3 Nf6 18. Ra3 Kb7 19. Qd3 a5 20. Qb5 Ra8 21. Qb3 Ne4 22. Be3 c5 23. Rb1 Qd8 24. Qb5 a4 25. Qc6+ Kb8 26. Rxb6+ Qxb6 27. Qxb6+ Kc8 28. Qc6+ Kb8 29. Rxa4 Rxa4 30. Qxa4 Nf6 31. Qb5+ Ka7 32. Qc6 Rb8 33. g3 Ne4 34. Qa4+ 1-0

[Event "Figueres op 8th"]
[Site "Figueres"]
[Date "2018.12.28"]
[Round "4.5"]
[White "Gomez, Jose4"]
[Black "Sabater Antico, Luis"]
[Result "1-0"]
[WhiteElo "1936"]
[BlackElo "1700"]
[PlyCount "68"]
[EventDate "2018.12.27"]
[EventType "swiss"]
[EventRounds "8"]
[EventCountry "ESP"]
[SourceTitle "EXT 2024"]
[Source "ChessBase"]
[SourceDate "2023.10.10"]
[SourceVersion "1"]
[SourceVersionDate "2023.10.10"]
[SourceQuality "1"]

1. e4 e5 2. Nf3 d6 3. d4 exd4 4. Nxd4 h6 5. Nc3 a6 6. Bf4 Nd7 7. Qd2 Ne5 8. 0-0-0 Be6 9. Nxe6 fxe6 10. Bxe5 dxe5 11. Bc4 Qxd2+ 12. Rxd2 Ke7 13. Rhd1 Nf6 14. f3 Kf7 15. g3 Bb4 16. Bb3 Bxc3 17. bxc3 Ke7 18. Rd3 b5 19. c4 c5 20. Rd6 b4 21. Ba4 Rhd8 22. Rc6 Rxd1+ 23. Kxd1 g5 24. Rxc5 Kd6 25. Rc6+ Ke7 26. Rb6 a5 27. c5 g4 28. Rb7+ Kf8 29. Ke2 gxf3+ 30. Kxf3 Rd8 31. c6 Rc8 32. Rb5 Ke7 33. Rxe5 Kd6 34. Rxa5 h5 1-0